LIBRARY & INFORMATION CENTRE, KCAET, TAVANUR

ONLINE PUBLIC ACCESS CATALOGUE (OPAC)

Advances in Soil Science: Soil Erosion And Carbon Dynamics (Record no. 14538)

MARC details
000 -LEADER
fixed length control field 00388nam a22001457a 4500
020 ## - INTERNATIONAL STANDARD BOOK NUMBER
ISBN 9781566706889
082 ## - DEWEY DECIMAL CLASSIFICATION NUMBER
Classification number 631.45
Item number ROO/SO
245 ## - TITLE STATEMENT
Title Advances in Soil Science: Soil Erosion And Carbon Dynamics
260 ## - PUBLICATION, DISTRIBUTION, ETC. (IMPRINT)
Place of publication Boca Raton
Name of publisher Taylor and Francis
Year of publication 2014
300 ## - PHYSICAL DESCRIPTION
Number of Pages 352
700 ## - ADDED ENTRY--PERSONAL NAME
Personal name Roose,Eric J.
700 ## - ADDED ENTRY--PERSONAL NAME
Personal name Rattan Lal
700 ## - ADDED ENTRY--PERSONAL NAME
Personal name Feller,Christian
942 ## - ADDED ENTRY ELEMENTS (KOHA)
Koha item type Books
Holdings
Withdrawn status Lost status Damaged status Collection code Home library Current library Shelving location Date acquired Source of acquisition Cost, normal purchase price Full call number Accession Number Koha item type
        KAUAET KAUAET General Stacks 15/07/2016 Dream Tech, Trivandrum 3495.00 631.45 ROO/SO 24452 Books
free website counter